000 00281nam a22000977a 4500
999 _c526527
_d526527
082 _aSNT A99 V836/4
100 _aVivekananda Ji
_945788
245 _aThe complete works of Swami Vivekananda
_bBy Vivekananda Ji
260 _aUttrakhand
_bSwami Bodhasarananda
_c2013
300 _a567p